Tilastot visalle Keski-Suomen kunnat

Klikkaa tästä pelataksesi tätä visaa!

Yleistilastot

  • Tätä visaa on pelattu 624 kertaa
  • Keskiarvotulos 16 / 23

Vastaustilastot

VäkilukuKunta/Kaupunki% Oikein
142 282Jyväskylä
99%
18 679Äänekoski
85%
20 120Jämsä
85%
10 199Muurame
81%
9 520Keuruu
77%
18 884Laukaa
75%
9 268Saarijärvi
75%
6 136Viitasaari
75%
1 314Kyyjärvi
74%
4 007Pihtipudas
73%
1 100Kivijärvi
69%
3 677Uurainen
69%
2 623Konnevesi
66%
4 818Hankasalmi
65%
1 324Kannonkoski
65%
3 921Karstula
65%
1 623Kinnula
64%
2 401Toivakka
63%
4 353Joutsa
62%
3 820Petäjävesi
62%
690Luhanka
61%
1 577Multia
60%
2 195Kuhmoinen
37%

Tulosjakauma

Persentiili vastausten määrän mukaan

Jokaisen tuloksen saaneiden osuus

Tuloshistoriasi

Et ole pelannut tätä visaa